Регионална библиотека "Любен Каравелов" - Русе

Суперенциклопедия на тайнствените науки (Запис номер 6807)

MARC детайли
000 -Лидер
Контролно поле с фиксирана дължина 01649nam a2200361 c 4500
003 - Код на организацията, давaща контролен номер
Контролно поле BLK
005 - Дата и час на последна редакция
Контролно поле 20180420214134.0
008 - Елементи от данни с фиксирана дължина
fixed length control field 180412b bul|||||r ||||||| ||bul||
010 ## - Наследен системен номер
LC control number KNG00008069000
040 ## - Източник на каталожния запис
Идентификатор на билиотеката - собственик на записа BLK
041 ## - Код за език
Код за езика на текст/звукозапис или на отделно заглавие Български
Код за езика КДБФ Български
080 ## - УДК
Текстов определител УДК Парапсихология. Нумерология. - Халюцинации, пророчества, предсказания, магии, демонология, телепатия, спиритизъм, илюзии, нумерология, мошеничество. Вж и 133 ; 398.4 ; 615.851
УДК код - определител по УДК 159.961
УДК определител
УДК - код + определител 159.961
080 ## - УДК
Текстов определител УДК Астрология
УДК код - определител по УДК 133.52
УДК определител
УДК - код + определител 133.52
100 1# - Редна дума - Автор
Автор Алексендер
Авторска отговорност първи автор
R(LIN) 30542
139 ## - Редно поле
Редна дума Александер
Авторски знак Алекс - А 51
245 10 - Сведения за заглавието
Заглавие Суперенциклопедия на тайнствените науки
Подзаглавни данни Т. 1 - За том: Черна и бяла
Редно поле (дума) Алексендер.
Том Т. 11
Заглавие на том Практическа магия - ч. 1
257 ## - Страна на издаване
Страна на създаване/издаване СССР
260 ## - Област на издателските данни
-- София
Име на издателя, разпространителя и проч. Изд. авт.
-- Междунар. акад. по парапсихология и окултни науки
Година на издаване 1992 -
300 ## - Физическа характеристика
Размери/Мащаб 20 см
380 ## - Жанр
Жанр Философия
650 #4 - Допълнително описание по предмет – тема
Основно описание – тема или топоним Магия
9 (RLIN) 160893
650 #4 - Допълнително описание по предмет – тема
Основно описание – тема или топоним Окултизъм
9 (RLIN) 164936
650 #4 - Допълнително описание по предмет – тема
Основно описание – тема или топоним Парапсихология
9 (RLIN) 165687
653 ## - Ключова дума – ненормативна
Ключова дума магии
653 ## - Ключова дума – ненормативна
Ключова дума астрология
653 ## - Ключова дума – ненормативна
Ключова дума парапсихология
760 1# - Описание на основната серия
Редна дума на основното описание Алексендер
Място на издаване, издател и година 1995
Страници - том 200 с. : с табл.
Заглавие Т. 11 Практическа магия - ч. 1
852 ## - Местоположение
Форматна сигнатура Цб 168088
856 4# - Електронен адрес и достъп
Електронен формат pdf - файл
Път до файла /url/
856 4# - Електронен адрес и достъп
Електронен формат pdf - файл
Път до файла /url/
942 ## - АРТИКУЛИ
Вид на библиотечния материал Книги
Скрит в OPAC Не
944 ## - СЪЗДАВАНЕ И РЕДАКЦИЯ на ЗАПИСА
Създаване/Редакция Създаване
Дата на регистрацията/редакция 15.01.2003
Служител, извършил регистрацията/редакцията Геновева_Генчева
944 ## - СЪЗДАВАНЕ И РЕДАКЦИЯ на ЗАПИСА
Създаване/Редакция Редакция
Дата на регистрацията/редакция 10.05.2011
Служител, извършил регистрацията/редакцията
999 ## - СИСТЕМНИ КОНТРОЛНИ НОМЕРА
Koha biblionumber 6807
Koha biblioitemnumber 6807
Наличности
Код за отписване Код за изгубен артикул Код за повреда Коз за рестрикции Код за отдаване Артикулен № Име на библиотеката - собственик Име на библиотеката, в която се намира в момента Статус (Текущо местоположение) Дата на вписване в системата Местоположение - отдел Цена в лева Инвентарен номер Систематично азбучна сигнатура Баркод Номер на екземпляра Цена в евро Служебна бележка Служебен тип на артикула
  Не е изгубен Не е повреден без рестрикции ползва се в читалня 11808 Регионална библиотека "Любен Каравелов" Русе Регионална библиотека "Любен Каравелов" Русе Хранилище 1995-01-01 Хранилище 0.88 614445 Цб 168088 614445 1 0.45 Дост: Dp Вид: Д N: стар фонд Дата: 01.01.1995 Книги
Vip Innovations Ltd, Rousse, Bulgaria 2025